La circulación de la materia y de la energía en el universo (Record no. 47992)

MARC details
000 -LEADER
campo de control de longitud fija 00578nam a2200169 i 4500
001 - NÚMERO DE CONTROL
campo de control 47992
003 - IDENTIFICADOR DE NÚMERO DE CONTROL
campo de control ES-MaACL
005 - FECHA Y HORA DE LA ÚLTIMA TRANSACCIÓN
campo de control 20230906161655.0
007 - CAMPO FIJO DE DESCRIPCIÓN FÍSICA--INFORMACIÓN GENERAL
campo de control de longitud fija t|
008 - DATOS DE LONGITUD FIJA--INFORMACIÓN GENERAL
campo de control de longitud fija 030715s1890 sp ||||1| spa d
100 1# - ENTRADA PRINCIPAL--NOMBRE DE PERSONA
Nombre de persona Crespo y Lema, Manuel.
9 (RLIN) 41558
245 13 - MENCIÓN DEL TÍTULO
Título La circulación de la materia y de la energía en el universo
Resto del título : nuevo ensayo de filosofía natural /
Mención de responsabilidad, etc. por Manuel Crespo y Lema.
260 ## - PUBLICACIÓN, DISTRIBUCIÓN, ETC.
Lugar de publicación, distribución, etc. Jerez :
Nombre del editor, distribuidor, etc. [s.n.],
Fecha de publicación, distribución, etc. 1890 (
Lugar de fabricación/manufactura Imp. de "El Guadalete", a cargo de Tomás Bueno)
300 ## - DESCRIPCIÓN FÍSICA
Extensión 296 p. ;
Dimensiones 21 cm.
852 ## - LOCALIZACIÓN
Ubicación ES-MaACL
Número de control de estantería F-1840
852 ## - LOCALIZACIÓN
Ubicación ES-MaACL
Número de control de estantería G-13154
Holdings
Estatus retirado Estado de pérdida Estado de daño No para préstamo Colección Biblioteca de origen Biblioteca actual Ubicación en estantería Fecha de adquisición Fuente de adquisición Total de préstamos Signatura topográfica completa Código de barras Visto por última vez Precio de reemplazo Tipo de ítem Koha
        Libros del s. XIX Biblioteca del Ateneo de Madrid Biblioteca del Ateneo de Madrid Sala Pecera Planta 3 17/01/2008     G-13154 1050505 23/02/2023 23/02/2023 Libro impreso antiguo
        Libros del s. XIX Biblioteca del Ateneo de Madrid Biblioteca del Ateneo de Madrid Depósito 2 17/01/2008     F-1840 1050504 23/02/2023 23/02/2023 Libro impreso antiguo